000 00723nam a22002177a 4500
999 _c20597
_d20597
003 AR-CdUCM
008 190531b ||||| |||| 00| 0 spa d
040 _aMUNICIPALIDAD PROVINCIAL DEL CUSCO
_cBIBLIOTECA MUNICIPAL DEL CUSCO
082 _a869.913 /
_bG68
100 _aGómez Carrillo, Enrique
_937117
245 _aLiteratura extranjera :
_bEstudios cosmopolitas /
260 _aParís :
_bLibr. de Garnier Hnos,
_c1895.
300 _a342 páginas ;
_c18 cm.
505 _aContenido: De maestros suecos -- Gerhart Hauptmann -- Un cuentista alemán...
650 _aLiteratura
_983
650 _aEnsayos
_9375
650 _aConferencias
_9376
650 _aSiglo XX
_98
942 _2ddc
_cLIBROS
945 _aJavier